Quizzes
Events
Quiz Creation
Community
Videos
Private Events
Remove Ads
Sign In
Join for FREE
Feedback
Dark Mode
Quiz Categories
Sports
Geography
Music
Movies
Television
Just For Fun
Miscellaneous
History
Literature
Language
Science
Gaming
Entertainment
Religion
Holiday
For Kids
Quiz Lab
Recent
Popular Today
Quiz Kudos Today
Editor Picks
Curator Picks
Quizzes by...
Day
Popularity
Type
Ratings
Length
Year
Community
Subscriptions
Recent Discussions
Orange Saloon
Badges
Playlists
Quests
Create
Leaderboards
Showdown
Live 5
Trivia Bingo
Activity
Puzzle Library
Sporcle Events
Private Events
Virtual Trivia
Globe League
Become a Host
Pub Owners
SporcleCon
Opinionation
Our Games
Videos
Blog
Mobile Apps
Partnerships
Remove Ads and Go Orange
Feedback
Miscellaneous
Crossword
General Knowledge
Baby Names
Logo
Food
Cars
Numbers
Grab Bag
University
College
Popular
Company
Slogans
Restaurants
Justice
Letter
Miscellaneous
Crossword
General Knowledge
Baby Names
Logo
Food
Cars
Numbers
Grab Bag
University
College
Popular
Company
Slogans
Restaurants
Justice
Letter
Random Quiz
Search Sporcle
×
Quiz Lab
Quiz Lab
Miscellaneous
Grab Bag
Type in answers that appear in a list
Type in answers that appear in a list
Classic
Best Score? Go Orange.
Missing Vowels Miscellany Stats
Can you guess the following words and phrases that have had their vowels removed and their consonants re-spaced?
By
PenguinsMeercats
14m
40 Questions
56 Plays
56 Plays
56 Plays
Comments
Comments
Give Quiz Kudos
Give Quiz Kudos
-
- Ratings
hide this ad
Replay
Link that replays current quiz
Next Quiz
Link to next quiz in quiz playlist
You Got
0%
They Got
Avg Score
53%
Avg Friend Score
Upgrade to see
Score Distribution
Jump to the score distribution portion of the page
Score
0/40
Timer
14:00
0
Plays Today
Hint
Answer
% Correct
Religious Festivals
CHRISTMAS
83.9%
Summer Olympic Sports
BEACH VOLLEYBALL
80.4%
Summer Olympic Sports
ARCHERY
76.8%
Cartoon Couples
MICKEY AND MINNIE MOUSE
75%
Summer Olympic Sports
JUDO
73.2%
Religious Festivals
RAMADAN
73.2%
Summer Olympic Sports
WATER POLO
71.4%
S.I. Units
KILOGRAM
71.4%
Countries
BURKINA FASO
67.9%
Countries
OMAN
67.9%
Cartoon Couples
FRED AND WILMA FLINTSTONE
67.9%
Summer Olympic Sports
TAE KWON DO
66.1%
Cartoon Couples
HOMER AND MARGE SIMPSON
64.3%
Countries
CENTRAL AFRICAN REPUBLIC
62.5%
Religious Festivals
DIWALI
62.5%
S.I. Units
JOULE
62.5%
Artist and Album
NIRVANA AND NEVERMIND
60.7%
S.I. Units
SECOND
60.7%
Cartoon Couples
PETER AND LOIS GRIFFIN
58.9%
Artist and Album
FLEETWOOD MAC AND RUMOURS
55.4%
Hint
Answer
% Correct
Religious Festivals
YOM KIPPUR
51.8%
S.I. Units
AMPERE
48.2%
Famous Books and their Author
THE DA VINCI CODE AND DAN BROWN
48.2%
Artist and Album
ELTON JOHN AND GOODBYE YELLOW BRICK ROAD
44.6%
Countries
SAO TOME AND PRINCIPE
42.9%
Artist and Album
AC|DC AND BACK IN BLACK
42.9%
Cartoon Couples
POPEYE AND OLIVE OYL
42.9%
Countries
ECUADOR
41.1%
Best Actor/
Actress Oscar Winner and the Film They Won It For
REESE WITHERSPOON AND WALK THE LINE
41.1%
S.I. Units
OHM
41.1%
Famous Books and their Author
TO KILL A MOCKINGBIRD AND HARPER LEE
41.1%
Best Actor/
Actress Oscar Winner and the Film They Won It For
DUSTIN HOFFMAN AND RAIN MAN
39.3%
Artist and Album
EAGLES AND HOTEL CALIFORNIA
37.5%
Famous Books and their Author
WAR AND PEACE AND LEO TOLSTOY
35.7%
Best Actor/
Actress Oscar Winner and the Film They Won It For
AL PACINO AND SCENT OF A WOMAN
32.1%
Famous Books and their Author
ALICE IN WONDERLAND AND LEWIS CARROLL
32.1%
Best Actor/
Actress Oscar Winner and the Film They Won It For
MERYL STREEP AND SOPHIE'S CHOICE
28.6%
Religious Festivals
EASTER SUNDAY
25%
Famous Books and their Author
LOLITA AND VLADIMIR NABOKOV
25%
Best Actor/
Actress Oscar Winner and the Film They Won It For
ADRIEN BRODY AND THE PIANIST
23.2%
Quiz Playlist
Details
Report
Send in Message
Add To Playlist
Classic:
Type in answers that appear in a list
Last Updated: Feb 21, 2017
Quiz Scoreboard
CHALLENGE
Sign Up to Join the Scoreboard
Show All
Scores
Hide
Comments
May contain spoilers
Recently Published
College Basketball Coaching Resumes
by pancakes188
Sports
9m
Billboard Blitz: Fleetwood Mac
by CooCooCachoo
Music
15s
Presidents Visiting Landmarks
by Hejman
History
7m
More to Explore
Quiz From the Vault
Featured Blog Post
Where Did the Easter Bunny Come From?
hide this ad
You Might Also Like...
Tags
Grab Bag Quiz
Missing Vowels
Today's Top Quizzes in Miscellaneous
Browse Miscellaneous
hide this ad
Today's Top Quizzes in Grab Bag
Browse Grab Bag
Top Contributed Quizzes in Miscellaneous
1
5-to-1: Fast Food
2
The JOE quick-fire general knowledge quiz: Day 174
3
The JOE quick-fire general knowledge quiz: Day 173
4
5-to-1: Cocktails
5
The JOE quick-fire general knowledge quiz: Day 172
6
Sunday Crossword: Famous Bodies of Water
7
The JOE quick-fire general knowledge quiz: Day 171
8
One Thing in Common: United Kingdom II
9
Named After an Animal - Odd One Out!
10
The JOE quick-fire quiz: Day 170
Explore More
Trending Topics
Harry Potter
Crossword
Disney
NBA
Anime
Kpop
Marvel
NFL
Soccer
Puzzle
WWE
Pokémon
Country
The Office
Song
hide this ad
More By:
PenguinsMeercats
Quiz
Plays
Rating
Category
Featured
Created
Obscure Knowledge - US States
1,579,394
3.74
Geography
Jun 27, 2017
Obscure Knowledge - NBA Teams
1,318,311
3.96
Sports
Dec 20, 2017
Obscure Knowledge - NFL Teams
1,255,336
3.75
Sports
Dec 21, 2017
Obscure Knowledge - Countries of Europe
1,019,706
4.43
Geography
Jun 29, 2017
Obscure Knowledge - US Presidents
690,892
4.52
History
Jun 30, 2017
Go to Creator's Profile
Score Distribution
Quiz Creator Spotlight
PenguinsMeercats
Follow
Send a Message
Quizzes Created
-
Created Quiz Play Count
-
More By This Creator
Popular Quizzes Today
1
Find the US States - No Outlines Minefield
2
Find the Countries of Europe - No Outlines Minefield
3
The Countries of the World
4
Find the US States
5
Risky Map Clicking: Biggest States A-Z
6
US States
7
Popular People in 1961
8
Movies - When Are They Set?
More Miscellaneous Quizzes
Sporclin' Through the 2000s IV
Published
Trending Quizzes
Risky Map Clicking: Least Populous States A-Z
1-10 Letter G Words
1-10 Letter F Words
Risky Map Clicking: Next State Alphabetically
Click the Washington State Counties! (Map)
Recently Updated
Leaping Animals
pecheneg
Reality TV Shows (A-Z)
bhenderson79
Rickey Henderson's Hall of Fame Teammates
pecheneg
Champions League XIs: Arsenal
pecheneg
Quick Pick: Celebrities in WWE's Hall of Fame
aduchscher
A-Z Keypad Blitz II
pecheneg
Multiple Oscar Actors
pecheneg
Mystery Phrase Blitz: Oscar 'Best Actors'
pecheneg
F. Scott Fitzgerald Novels
LTH
Pick 3 Villains
ddd62291
Trending Topics
Disney
Kpop
Crossword
Anime
Marvel
NBA
Harry Potter
NFL
Puzzle
The Office
Song
Country
Pokémon
Soccer
WWE
Your Account Isn't Verified!
In order to create a playlist on Sporcle, you need to verify the email address you used during registration. Go to your
Sporcle Settings
to finish the process.
Report this User
Report this user for behavior that violates our
Community Guidelines
.
Details:
Send Report
Go to the Sporcle.com Mobile Site →
Comments